000 00655nam a22001931a 4500
001 11466
003 OSt
005 20260204212243.0
008 121109s2007||||ck ||||||b||||||||||spa||
020 _a9789588337128
050 _a510.7 A38s
245 _aArgumentación y semiosis de la didáctica del lenguaje y las matemáticas / Adolfo León Gómez Giraldo[et-al]
264 _aColombia: Universidad Distrital Francisco José
300 _a168 p
500 _aIncluye bibligrafía
650 _aMatemática - Enseñanza 2.Matemática - Didactica 3.Matemática - Metodos de Enseñanza
700 _aGómez Giraldo, Adolfo LeónÌ
942 _2ddc
_cBK
999 _c11466
_d11466